00481nam a22001577a 4500008004100000040001800041041000800059100003000067245004700097260004000144300001900184650003400203650003200237650004200269651001200311130821s1927 fr gr fre  aCo-BoUCMbspa00afre aClemenceau, Georges, 184100aAu soir de la penséecGeorges Clemenceau aParís (Francia)bLibr. Plonc1927 a2. volúmenes04aLiteratura francesaySiglo XX04aNovela de ciencia ficción04aNovela de cienciaxFicciónzFrancia aFrancia